|
|
|
|
| LEADER |
01557nam a2200481 i 4500 |
| 001 |
nkc20213325204 |
| 003 |
CZ PrNK |
| 005 |
20211206081813.0 |
| 007 |
ta |
| 008 |
210520s2021 xr g 000 f cze d |
| 015 |
|
|
|a cnb003325204
|
| 020 |
|
|
|a 978-80-257-3450-6
|q (vázáno) :
|c Kč 348,00
|
| 035 |
|
|
|a (OCoLC)1288053198
|
| 035 |
|
|
|a (OCoLC)1291384657
|
| 040 |
|
|
|a PNA001
|b cze
|d ABG001
|e rda
|
| 041 |
1 |
|
|a cze
|h eng
|
| 072 |
|
7 |
|a 821.111-3
|x Anglická próza, anglicky psaná
|2 Konspekt
|9 25
|
| 080 |
|
|
|a 821.111-31
|2 MRF
|
| 080 |
|
|
|a (0:82-312.9)
|2 MRF
|
| 100 |
1 |
|
|a Clarke, Susanna,
|d 1959-
|7 xx0030688
|4 aut
|
| 240 |
1 |
0 |
|a Piranesi.
|l Česky
|
| 245 |
1 |
0 |
|a Piranesi /
|c Susanna Clarková ; přeložil Viktor Janiš
|
| 250 |
|
|
|a Vydání první
|
| 264 |
|
1 |
|a Praha :
|b Argo,
|c 2021
|
| 300 |
|
|
|a 244 stran ;
|c 22 cm
|
| 336 |
|
|
|a text
|b txt
|2 rdacontent
|
| 337 |
|
|
|a bez média
|b n
|2 rdamedia
|
| 338 |
|
|
|a svazek
|b nc
|2 rdacarrier
|
| 490 |
1 |
|
|a Fantastika ;
|v 128. svazek
|
| 500 |
|
|
|a Přeloženo z angličtiny
|
| 546 |
|
|
|a Český text
|
| 655 |
|
7 |
|a anglické romány
|7 fd131814
|2 czenas
|
| 655 |
|
7 |
|a fantasy romány
|7 fd184199
|2 czenas
|
| 655 |
|
9 |
|a English fiction
|2 eczenas
|
| 655 |
|
9 |
|a fantasy novels
|2 eczenas
|
| 700 |
1 |
|
|a Janiš, Viktor,
|d 1974-
|7 jn20010309502
|4 trl
|
| 830 |
|
0 |
|a Fantastika (Argo)
|0 s
|
| 910 |
2 |
|
|a BOA001
|b 2-1469.595
|
| 920 |
|
|
|a 4595771
|z ABG001
|
| 990 |
|
|
|a BK
|
| 995 |
|
|
|a 01
|
| 991 |
|
|
|b 202107
|c NOV
|
| 996 |
6 |
|
|b 2610872167
|c 2-1469.595
|l MZK
|r Sklad / do 1 hodiny
|n 3
|p p.v.
|w 001857996
|u 000010
|a 1
|e BOA001
|j MZK50
|s P
|